Christmas Number 1 Singles - Statistics

General Stats
  • This quiz has been taken 223 times
  • The average score is 36 of 63
Answer Stats
Hint Answer % Correct
1975 Bohemian Rhapsody Queen
94%
1991 Bohemian Rhapsody / These Are the Days of Our Lives Queen
94%
1984 Do They Know It's Christmas? Band Aid
93%
1992 I Will Always Love You Whitney Houston
87%
1995 Earth Song Michael Jackson
85%
1963 I Want to Hold Your Hand The Beatles
85%
1964 I Feel Fine The Beatles
85%
1965 Day Tripper / We Can Work It Out The Beatles
85%
1967 Hello, Goodbye The Beatles
85%
1996 2 Become 1 Spice Girls
84%
1997 Too Much Spice Girls
84%
1998 Goodbye Spice Girls
84%
1973 Merry Xmas Everybody Slade
82%
2000 Can We Fix It? Bob the Builder
81%
1988 Mistletoe and Wine Cliff Richard
81%
1990 Saviour's Day Cliff Richard
81%
1960 I Love You Cliff Richard & The Shadows
81%
1994 Stay Another Day East 17
77%
1962 Return to Sender Elvis Presley
77%
1989 Do They Know It's Christmas? Band Aid II
76%
1979 Another Brick in the Wall (Part 2) Pink Floyd
76%
2002 Sound of the Underground Girls Aloud
74%
1993 Mr Blobby Mr Blobby
74%
2001 Somethin' Stupid Robbie Williams and Nicole Kidman
74%
1978 Mary's Boy Child - Oh My Lord Boney M
72%
1985 Merry Christmas Everyone Shakin' Stevens
72%
2008 Hallelujah Alexandra Burke
66%
1974 Lonley This Christmas Mud
66%
1966 Green, Green Grass Home of Home Tom Jones
66%
1977 Mull of Kintyre Wings
66%
1987 Always on My Mind Pet Shop Boys
63%
1969 Two Little Boys Rolf Harris
63%
1999 I Have a Dream / Seasons in the Sun Westlife
63%
2006 A Moment Like This Leona Lewis
62%
2009 Killing in the Name Rage Against the Machine
60%
1981 Don't You Want Me The Human League
60%
1972 Long Haired Lover from Liverpool Jimmy Osmond
58%
1971 Ernie (The Fastest Milkman in the West) Benny Hill
54%
2004 Do They Know It's Christmas? Band Aid 20
53%
1976 When a Child is Born Johnny Mathis
52%
2007 When You Believe Leon Jackson
52%
2010 When We Collide Matt Cardle
52%
1986 Reet Petite Jackie Wilson
50%
2005 That's My Goal Shayne Ward
46%
1980 There's No One Quite Like Grandma St Winifreds School Choir
42%
1983 Only You The Flying Pickets
42%
2003 Mad World Michael Andrews & Gary Jules
40%
1968 Lily the Pink The Scaffold
32%
2014 Something I Need Ben Haenow
30%
2013 Skyscraper Sam Bailey
30%
1961 Moon River Danny Williams
28%
1952 Here in My Heart Al Martino
27%
1957 Mary's Boy Child Harry Belafonte
25%
2011 Wherever You Are Military Wives with Gareth Malone
23%
1982 Save Your Love Renee and Renato
23%
1970 I Hear You Knocking Dave Edmunds
20%
2012 He Ain't Heavy, He's My Brother The Justice Collective
17%
1955 Christmas Alphabet Dickie Valentine
15%
1959 What Do You Want to Make Those Eyes at Me For You? Emile Ford & The Checkmates
12%
1958 It's Only Make Believe Conway Twitty
11%
1953 Answer Me Frankie Laine
11%
1956 Just Walkin' in the Rain Johnnie Ray
11%
1954 Let's Have Another Party Winifred Atwell
11%
No matching quizzes found
Score Distribution
Percent of People with Each Score
Percentile by Number Answered
Your Score History
You have not taken this quiz